Maps of our spectacular bodies (Record no. 9370)

MARC details
000 -LEADER
fixed length control field 00378nam a22001457a 4500
008 - FIXED-LENGTH DATA ELEMENTS--GENERAL INFORMATION
fixed length control field 230228b |||||||| |||| 00| 0 eng d
020 ## - INTERNATIONAL STANDARD BOOK NUMBER
International Standard Book Number 978-152-906-937-2
082 ## - DEWEY DECIMAL CLASSIFICATION NUMBER
Classification number 813.54
100 ## - MAIN ENTRY--PERSONAL NAME
Personal name Maddie Mortimer
245 ## - TITLE STATEMENT
Title Maps of our spectacular bodies
260 ## - PUBLICATION, DISTRIBUTION, ETC.
Name of publisher, distributor, etc. Picador,
Date of publication, distribution, etc. 2022
300 ## - PHYSICAL DESCRIPTION
Extent 437 p.
Dimensions 23.5 cm
942 ## - Added entry Elements (Koha)
Source of classification or shelving scheme Dewey Decimal Classification
Holdings
Withdrawn status Lost status Source of classification or shelving scheme Damaged status Not for loan Collection code Home library Current library Shelving location Date acquired Serial Enumeration / chronology Total Checkouts Full call number Barcode Date last seen Date last checked out Price effective from Koha item type
    Dewey Decimal Classification     Fiction RTC Library RTC Library Fiction 28/02/2023 177044 1 FIC 813.54 MOR 30018163 26/06/2024 11/06/2024 28/02/2023 Fiction
Royal Thimphu College || All Right Reserved